Las Tradiciones eucarísticas de Cataluña y la demanda del santo Graal / por Pedro Bohigas Balaguer.
Descripción Física:
Il·lustracions
Colección:
San Jorge,
; núm. 6 (abril 1952), pàg. 11-16
Idioma:
Español
MARC
| LEADER | 00000naa a2200000 a 4500 | ||
|---|---|---|---|
| 003 | Arxiu | ||
| 005 | 20260324181033.0 | ||
| 008 | 160829s1952 spcaxx s0 spa c | ||
| 040 | |a agdb | ||
| 100 | 1 | |a Bohigas, Pere, |d 1901-2003 |9 22544 | |
| 245 | 1 | 4 | |a Las Tradiciones eucarísticas de Cataluña y la demanda del santo Graal / por Pedro Bohigas Balaguer. |
| 300 | |b Il·lustracions | ||
| 490 | |a San Jorge, |v núm. 6 (abril 1952), pàg. 11-16 | ||
| 590 | |a Conté 3 fotografies. | ||
| 650 | 0 | |a Graal |9 29712 | |
| 650 | 0 | |a Eucaristia |9 54686 |z Catalunya | |
| 773 | |g Núm. 6 (abril 1952), pàg. 11-16 |t San Jorge. | ||
| 901 | |a Arxiu | ||
| 942 | |n 1 |2 udc |c ART | ||
| 952 | |0 0 |1 0 |4 0 |6 REV508 |7 1 |9 64637 |a Arxiu |b Arxiu |d 2022-12-02 |l 0 |o Rev-508 |r 2022-12-02 00:00:00 |w 2022-12-02 |y ARXIU |z També disponible a Rev-521 | ||
| 999 | |c 48098 |d 48098 | ||